000 00896nam a2200277Ia 4500
003 OSt
005 20220930093216.0
006 a|||||r|||| 00| 0
007 ta
008 220926b |||||||| |||| 00| 0 eng d
024 _a35029
037 _cTheses
040 _aCRL
_cCRL
_beng
041 _2eng
_aeng
100 _aChhabra Anu Au.
_9551155
110 _aUniversity of Delhi. Faculty of Mathematical Sciences. Department of Mathematics
245 0 _aNewer families of optional unrelated question rrt models
260 _c2016
300 _axv,128p..
_ap.
_ccm.
650 _aMATHEMATICS
700 _a Prof. B. K. Dass Gu.
700 _a Prof. Sat Gupta Gu.
_9551156
700 _aUniversity of Delhi. Faculty of Mathematical Sciences. Department of Mathematics
942 _cDIS
_2CC
999 _c885001
_d885001